Pencilcase Stuff - Statistics

General Stats
  • This quiz has been taken 22 times
  • The average score is 4 of 7
Answer Stats
Hint Answer % Correct
Erasing Eraser
100%
Writting Pen
100%
Writting Pencil
100%
Other Sharpener
41%
Writting Red Pen
18%
Other Calculator
12%
Erasing Corrector
12%
No matching quizzes found
Score Distribution
Percent of People with Each Score
Percentile by Number Answered
Your Score History
You have not taken this quiz